000 00337 a2200109 4500
001 ART_12795
005 20260410161733.0
008 260409a
245 1 0 _aEl desafío empresario en la decada del ´90
100 1 _aHermida, Jorge Alfredo
773 0 _tEjecutivos de finanzas
_g- Año 7, Nº 60 (oct. 1989)
_wREV2863
999 _c18040
_d18040